000 01003nam a2200313Ia 4500
003 OSt
005 20221006151408.0
006 a|||||r|||| 00| 0
007 ta
008 221006b |||||||| |||| 00| 0 eng d
020 _a9780710305800
_c£75.00
024 _a21,955
037 _cTextual
040 _aEASL
_cEASL
_beng
041 _2eng
_aeng
082 _aV41:19.N7, N8
100 _aBARNOUIN Barbara
_9283791
245 0 _aChinese foreign policy during the cultural revolution
260 _aNew York
_bKegan Paul International
_c1998
300 _a252p.
_ccm.
490 _aPublication of the Graduate Institute of International Studies, Geneva
650 _a CEL
650 _a China - History - Cultural Revolution
_9659086
650 _a National Security Policies - China
_9659087
650 _aChina - Foreign relations
700 _a CHANGGEN Yu
_9283792
942 _hV41:19.N7, N8
_cTEXL
_2CC
999 _c1090041
_d1090041